LEADER 01350nam a2200277 i 4500 001 000000137289 003 CaOOAMICUS 005 20200526154829.0 008 061102s1993 it u000 u ita u 013 $a111062 020 $a88-85236-14-6 040 $aSeMil$bita 100 1 $aIntrovigne, Massimo,$d<1955- >.$0(OLS)http://semarc/name/3969 245 13$aLa questione della nuova religiosità /$cMassimo Introvigne. 260 $aPiacenza :$bCristianità,$c1993. 300 $a99 p. :$bill. ;$c17 cm. 505 00$aIn appendice: Percorso bibliografico sulla nuova religiosità / a cura di Alleanza Cattolica, Commissione Domus Aurea ; La sfida delle sette o nuovi movimenti religiosi : un approccio pastorale / relazione generale al Concistoro Straordinario del 1991 / di Francis Arinze 700 1 $aArinze, Francis .$0(OLS)http://semarc/name/20933 830 3$aLa battaglia delle idee ;$v6.$0(OLS)http://semarc/title/18791 850 $aSeMil 852 $aSeMil$W1$xVenegono$y1$m2R I 13$j90840$B90840$CSeMilBibl$Z2$F116823 $81 961 $aRecupero: Altro 996 $6020$a88-85236-14-6$9(OLS)http://semarc/number/124972 996 $6245$aLa questione della nuova religiosità$9(OLS)http://semarc/title/200586 996 $6260$aPiacenza :$bCristianità$9(OLS)http://semarc/publisher/33831 LEADER 01557nam a2200313 i 4500 001 000000256188 003 CaOOAMICUS 005 20230426090528.0 008 171114s1765 it u000 u ita u 026 $a80e- u-l- reio stfa (3) 1765 (R) 040 $aSeMil$bita 100 1 $aCampadelli, Giovanni Battista.$0(OLS)http://semarc/name/83341 245 10$aDiscorsi sacri morali adattati alla capacità d'ogni genere di persone sopra le domeniche dell'anno. Opera di Gio. Battista Campadelli ... Pubblicata ad uso principale de'parrochi di Villa. 260 $aIn Venezia :$bAppresso Gio: Battista Recurti,$c1765. 300 $a[8], 566, [14] p. ;$c4º. 500 $aLascito Card. C.M. Martini 500 $aVignetta xilogr. sul front. 500 $aIniz., fin. xilogr. 500 $aTesto su due colonne 500 $aSegn.: *4 A-4B4 4C6 650 4$aFeste cristiane - Meditazioni.$0(OLS)http://semarc/subject/33000 700 1 $aRecurti, Giovanni Battista,$c.$0(OLS)http://semarc/name/7178 850 $aSeMil 852 $aSeMil$W1$xVenegono$y1$m3D IV 150 FA$j206534$B206534$CSeMilBibl$Z2$F219914 $8I 941 1 $a4 961 $aLascito: Martini Card. Carlo Maria 996 $6245$aDiscorsi sacri morali adattati alla capacità d'ogni genere di persone sopra le domeniche dell'anno. Opera di Gio. Battista Campadelli ... Pubblicata ad uso principale de'parrochi di Villa$9(OLS)http://semarc/title/412151 996 $6260$aIn Venezia :$bAppresso Gio: Battista Recurti$9(OLS)http://semarc/publisher/43850